000 00438nas a22001937i 4500
001 7522
003 OSt
005 20170126082401.0
007 tu
008 161220s xxu||||| |||| 00| 0 d
022 _a1094-5229
024 7 _a7522
_2RID
024 7 _a7522
_2RSN (alt)
040 _cOSt
245 0 0 _aPublic Policy Brief
260 _aBlithewood.
110 2 _aThe Levy Economics Institute of Bard College
866 0 _ulaufender Jahrgang
942 _cJ
999 _c6403
_d6403